000 01286nam a2200265Ia 4500
003 OSt
005 20221005133541.0
006 a|||||r|||| 00| 0
007 ta
008 221004b |||||||| |||| 00| 0 hin d
024 _a10429
037 _cTextual
040 _aCRL
_cCRL
_bhin
041 _2hin
_ahin
100 _aपूनम कुमारी, ले.
110 _aदिल्ली विश्वविद्यालय. कला संकाय. हिन्दी विभाग
245 0 _aउन्नीसवीं सदी के उत्तरार्द्ध की अज्ञात स्त्री लेखिकाओं का साहित्यिक लेखन और सामाजिक - सांस्कृतिक योगदान
246 _aUnnīsavīan sadī ke uttarārddha kī ajnyāt strī lekhikāoan kā sāhityik lekhan aur sāmājik - sāanskṛutik yogadāna
260 _c2012
300 _a395पृ0
_ccm.
650 _aहिन्दी साहित्य
700 _aदिल्ली विश्वविद्यालय. कला संकाय. हिन्दी विभाग
942 _cTEXL
_2cc
999 _c1067180
_d1067180